| 000 | 00675 a2200181 4500 | ||
|---|---|---|---|
| 003 | Nust | ||
| 005 | 20170207153154.0 | ||
| 040 | _cNust | ||
| 082 | _a005.8 | ||
| 100 | _aKhan, Mansoor Ahmed ( MSIS-5) | ||
| 245 |
_aSecurity of 802.11i based wireless local area networks _cMansoor Ahmed Khan |
||
| 260 |
_bMCS (NUST) _cJune, 2008 _aRawalpindi |
||
| 300 | _axii, 78 p. | ||
| 505 | _aIntroduction (page-1) IEEE 802.11i security architecture (page-15) Attacks on availability and confidentiality (page-35) Proposed defense mechanisms (page-43) Implementation of proposed defense mechnisms (page-52) | ||
| 538 | _aAlmirah No 70 Shelf No 4 | ||
| 650 | _aPG Thesis | ||
| 651 | _aMSIS-5 | ||
| 942 | _cTHS | ||
| 999 |
_c180679 _d180679 |
||